| 000 | 00874nam a22002057a 4500 | ||
|---|---|---|---|
| 005 | 20220315145759.0 | ||
| 008 | 220314b ||||| |||| 00| 0 eng d | ||
| 020 | _a9789383214297 | ||
| 040 | _cAL | ||
| 041 | _aKannada | ||
| 082 |
_223 _a954.87K _bASWS |
||
| 100 |
_aK N Ashwathappa ಕೆ ಎನ್ ಅಶ್ವಥಪ್ಪ _923737 |
||
| 245 |
_aSamagra Karnatakada Itihasa ಸಮಗ್ರ ಕರ್ನಾಟಕದ ಇತಿಹಾಸ _bಆರಂಭದಿಂದ ಕ್ರಿ. ಶ.2018ರವರೆಗೆ |
||
| 260 |
_aBengaluru _bSubhas Stores Books Corner _c2020 |
||
| 300 |
_a1576 p. _bHB _c25x18.5 cm. |
||
| 365 |
_a6319 _b₹1200.00 _c₹ _d₹1500.00 _e20% _f08-03-2022 |
||
| 650 |
_a: Karnatakada itihasa ಕರ್ನಾಟಕದ ಇತಿಹಾಸ _923613 |
||
| 700 |
_aAshwathappa (K N) ಅಶ್ವಥಪ್ಪ (ಕೆ ಎನ್) _923614 |
||
| 942 |
_2ddc _cBK |
||
| 999 |
_c221868 _d221868 |
||